header

Taxing consumption in a global economy (Record no. 25766)

MARC details
000 -LEADER
fixed length control field 01275nam a2200325 a 4500
100 1# - MAIN ENTRY--AUTHOR NAME
Personal name Grubert, Harry.
245 10 - TITLE STATEMENT
Title Taxing consumption in a global economy
260 ## - PUBLICATION, DISTRIBUTION, ETC. (IMPRINT)
Place of publication Washington, D.C. :
Name of publisher AEI Press,
Year of publication c1997.
300 ## - PHYSICAL DESCRIPTION
Number of Pages vi, 53 p.
490 1# - SERIES STATEMENT
Series statement AEI studies on tax reform
650 #0 - SUBJECT ADDED ENTRY--TOPICAL TERM
Topical Term Taxation of articles of consumption
Topical Term Taxation
700 1# - ADDED ENTRY--PERSONAL NAME
Personal name Newlon, Timothy Scott.
856 40 - ELECTRONIC LOCATION AND ACCESS
Uniform Resource Identifier http://site.ebrary.com/lib/rucke/Doc?id=10015868

No items available.

© 2026 Rongo University
Contact us: librarian | system librarian | Rongo university